Statystyki dla Wymień zawodników, których nazwiska kończą się na -Son

Kliknij tutaj aby rozwiązać quiz!

Ogólne statystyki

  • Ten quiz został rozwiązany 13 razy
  • Średni wynik to 3 z 19

Statystyki odpowiedzi

Piłkarz% Poprawnych
Heung-min Son
92%
Andrew Robertson
46%
Alisson
38%
Ederson
38%
Gylfi Sigurdsson
23%
Richarlison
15%
Brennan Johnson
8%
James Maddison
8%
Jordan Henderson
8%
Morgan Sanson
8%
Brenden Aaronson
0%
Callum Wilson
0%
Craig Dowson
0%
Dean Henderson
0%
Evan Ferguson
0%
Harry Wilson
0%
Nathan Ferguson
0%
Nicolas Jackson
0%
Scott Carson
0%

Rozkład punktacji

Percentyl według liczby udzielonych odpowiedzi

Procent ludzi z każdym wynikiem

Twoja historia wyników

Nie rozwiązałeś tego quizu